Lyrics - witchblades - lil peep - Statistiken

Allgemein
  • Dieses Quiz wurde 143 mal gespielt
  • Das Durchschnittsergebnis liegt bei 161 aus 239
Antwortstatistiken
Antwort % Korrekt
I
94%
a
92%
got
85%
in
83%
In
83%
me
81%
Switchblades
81%
cocaine
80%
Cocaine
80%
my
80%
ho
78%
Black
75%
black
75%
on
75%
the
75%
When
75%
was
74%
all
73%
high
73%
with
73%
die
72%
I'm
70%
poser
70%
school
70%
bury
69%
loner
69%
bipolar
68%
night
68%
to
68%
ice
66%
lights
66%
Lights
66%
of
66%
reject
66%
make
65%
Multiple
65%
personalities
64%
long
63%
castle
60%
jeans
60%
GothBoiClique
59%
off
59%
Back
58%
back
58%
hell
58%
love
58%
goin'
57%
put
57%
shake
57%
Whisper
57%
you
57%
ear
56%
good
56%
and
55%
do
55%
still
55%
swear
54%
Witchcraft
54%
half
53%
white
53%
baby
52%
hoes
51%
without
51%
Clothes
50%
trance
50%
secret
49%
fur
47%
Tell
47%
tell
47%
lie?
46%
til
46%
mean
45%
soul
45%
take
45%
well
45%
one
44%
want
44%
nightlights
43%
coat
42%
if
42%
don't
40%
just
38%
wanna
38%
Ask
37%
talk
37%
alright
36%
I'll
36%
mines
36%
chants
35%
fights
6%
Keine übereinstimmenden Quizze gefunden
Verteilung der Resultate
Anzahl Personen mit jedem Resultat
Perzentil nach korrekt beantworteten Fragen
Ihre Resultats-Entwicklung
Sie haben dieses Quiz noch nicht gespielt